Central Library OPAC University of Rajshahi

Robert Frost : (Record no. 76841)

MARC details
000 -LEADER
fixed length control field 00791nam a2200241 a 4500
001 - CONTROL NUMBER
control field 76841
003 - CONTROL NUMBER IDENTIFIER
rucl marc code BD-RjUL
005 - DATE AND TIME OF LATEST TRANSACTION
control field 20211209082909.0
008 - FIXED-LENGTH DATA ELEMENTS--GENERAL INFORMATION
fixed length control field 200126s1962 nju 000 0 eng
035 ## - SYSTEM CONTROL NUMBER
System control number (BD-RjUL)77065
040 ## - CATALOGING SOURCE
Original cataloging agency DLC
Transcribing agency DLC
Modifying agency DLC
-- BD-RjUL
Language of cataloging eng
041 ## - LANGUAGE CODE
Language code of text/sound track or separate title eng
082 00 - DEWEY DECIMAL CLASSIFICATION NUMBER
Edition number 23
Classification number 811.52
Author mark and year ROB 1962
245 00 - TITLE STATEMENT
Title Robert Frost :
Remainder of title a collection of critical essays /
Statement of responsibility, etc. edited by James M. Cox.
260 ## - PUBLICATION, DISTRIBUTION, ETC. (IMPRINT)
Place of publication, distribution, etc. Englewood Cliffs, N.J. :
Name of publisher, distributor, etc. Prentice-Hall,
Date of publication, distribution, etc. c1962
300 ## - PHYSICAL DESCRIPTION
Pagination 205 p.;
Size 21 cm.
490 0# - SERIES STATEMENT
Series statement A Spectrum book: Twentieth century views,
Volume/sequential designation S-TC-3
600 10 - SUBJECT ADDED ENTRY--PERSONAL NAME
Personal name Frost, Robert,
Dates associated with a name 1874-1963
General subdivision Criticism and interpretation.
700 ## - ADDED ENTRY--PERSONAL NAME
Personal name Cox, James M.
Fuller form of name (James Melville),
Dates associated with a name 1925-
942 ## - ADDED ENTRY ELEMENTS (KOHA)
Source of classification or shelving scheme Dewey Decimal Classification
Koha item type Books
Holdings
Lost status Source of classification or shelving scheme Damaged status Not for loan Collection code Permanent Location Current Location Shelving location Date acquired Total Checkouts Full call number Date last seen Copy number Koha item type
  Dewey Decimal Classification   Not For Loan Non-fiction Central Library, University of Rajshahi Central Library, University of Rajshahi Reading Room 26/01/2020   811.52 ROB 1962 26/01/2020 C-1 Books